<?xml version="1.0" encoding="UTF-8"?>
<collection xmlns="http://www.loc.gov/MARC21/slim">
 <record>
  <leader>01903nam a2200229Ia 4500</leader>
  <controlfield tag="001">TDMU_20559</controlfield>
  <controlfield tag="008">210410s9999    xx            000 0 und d</controlfield>
  <datafield tag="082" ind1=" " ind2=" ">
   <subfield code="a">726.0959779</subfield>
  </datafield>
  <datafield tag="090" ind1=" " ind2=" ">
   <subfield code="b">H450</subfield>
  </datafield>
  <datafield tag="100" ind1=" " ind2=" ">
   <subfield code="a">Hồ, Sơn Diệp</subfield>
  </datafield>
  <datafield tag="245" ind1=" " ind2="0">
   <subfield code="a">Đình chùa lăng miếu di sản văn hóa vật thể của người Việt tại Thành phố Hồ Chí Minh</subfield>
  </datafield>
  <datafield tag="245" ind1=" " ind2="0">
   <subfield code="b">Sách chuyên khảo</subfield>
  </datafield>
  <datafield tag="245" ind1=" " ind2="0">
   <subfield code="c">Hồ Sơn Diệp, Nguyễn Văn Hiệp (ch.b)</subfield>
  </datafield>
  <datafield tag="260" ind1=" " ind2=" ">
   <subfield code="a">H.</subfield>
  </datafield>
  <datafield tag="260" ind1=" " ind2=" ">
   <subfield code="b">Tổng hợp Thành phố Hồ Chí Minh</subfield>
  </datafield>
  <datafield tag="260" ind1=" " ind2=" ">
   <subfield code="c">2014</subfield>
  </datafield>
  <datafield tag="300" ind1=" " ind2=" ">
   <subfield code="a">319 tr.</subfield>
  </datafield>
  <datafield tag="520" ind1=" " ind2=" ">
   <subfield code="a">TM tài liệu tham khảo tr. 251 - 256; Gồm: Thiết chế văn hóa tâm linh của người Việt trên vùng đất Sài Gòn - Thành phố Hồ Chí Minh; đặc điểm và hiện trạng đình chùa văn miếu của người Việt ở Thành phố Hồ Chí Minh; một số đình chùa, văn miếu tiêu biểu của người Việt tại Thành phố Hồ Chí Minh; bảo tồn và phát huy giá trị văn hóa vật thể của đình chùa lăng miếu ở thành phố Hồ Chí Minh trong thời kỳ đô thị hóa - hiện đại hóa.</subfield>
  </datafield>
  <datafield tag="650" ind1=" " ind2=" ">
   <subfield code="a">Kiến trúc</subfield>
   <subfield code="x">Đình chùa</subfield>
   <subfield code="x">Lăng miếu</subfield>
   <subfield code="z">Thành phố Hồ Chí Minh (Việt Nam); Đình chùa</subfield>
   <subfield code="x">Di sản văn hóa vật thể</subfield>
   <subfield code="z">Thành phố Hồ Chí Minh (Việt Nam); Văn hóa</subfield>
   <subfield code="x">Đình chùa</subfield>
   <subfield code="x">Lăng miếu</subfield>
   <subfield code="z">Thành phố Hồ Chí Minh (Việt Nam); Lăng miếu</subfield>
   <subfield code="x">Di sản văn hóa vật thể</subfield>
   <subfield code="z">Thành phố Hồ Chí Minh (Việt Nam)</subfield>
  </datafield>
  <datafield tag="700" ind1=" " ind2=" ">
   <subfield code="a">Nguyễn, Văn Hiệp</subfield>
  </datafield>
  <datafield tag="856" ind1=" " ind2=" ">
   <subfield code="u">http://lrc.tdmu.edu.vn/opac/search/detail.asp?aID=2&amp;ID=20559</subfield>
  </datafield>
  <datafield tag="980" ind1=" " ind2=" ">
   <subfield code="a">Trung tâm Học liệu Trường Đại học Thủ Dầu Một</subfield>
  </datafield>
 </record>
</collection>
